00520nam a22001692 4500001001100000005001700011008004100028040001500069100003400084245007900118250001300197260003100210300001600241600004200257650004800299852000300347000001174420151217152101.0090106s xx 000 0 eng d aKABUcKABU1 aOates, Stephen B.@000007951614aThe Fires of jubilee :bNat Turner's fierce rebellion /cStephen B. Oates. a1st ed. aNew York :bMentor,c1976. aix, 214 p.10aTurner, Nat,d1800?-1831.@0000039109 0aSouthampton insurrectiony1831.@00001677441